Teoría de la historia : introducción a los estudios históricos /

Guardado en:
Detalles Bibliográficos
Autor principal: Rama, Carlos M. (autor)
Formato: Libro
Idioma:Español
Publicado: Madrid, España : Tecnos, 1968, c1968
Edición:2a edición
Colección:(Filosofía)
Temas:
Etiquetas: Agrega una etiqueta
Sin etiquetas, Sé el primero en etiquetar este registro!

MARC

LEADER 00000nam^a2200000^a^4500
001 000126297
005 20250521000000.0
009 20260310094722.72
037 |a Acervo ITESO - Biblioteca 
041 |a ESP 
082 |a 901.  |b RAM 
100 |a Rama, Carlos M.  |e (autor) 
245 1 0 |a Teoría de la historia :  |b introducción a los estudios históricos /  |c C.M. Rama. 
250 |a 2a edición  |b aumentada 
264 4 |a Madrid, España :  |b Tecnos,  |c 1968, c1968 
300 |a 199 p. 
336 |a texto  |b txt  |2 rdacontenido 
337 |a sin mediación  |b n  |2 rdamedio 
338 |a volumen  |b nc  |2 rdasoporte 
440 1 |a (Filosofía) 
649 |a XX 
650 |a Historia -  |x Teoría 
650 |a Historia -  |x Filosofía 
910 |a Fondo Salvador Reynoso Reynoso 
920 |a Impresos - Libros 
930 |a Fondos Especiales 
905 |a 112 
901 |a 0800008491  |b IT2  |c ESP  |u 20250521 
902 |a https://opac.biblio.iteso.mx/vufind/Record/000126297